Prognóza vývoja ekonomiky a podnikateľského prostredia SR z pohľadu podnikateľov v roku 2009

Gespeichert in:
Bibliographische Detailangaben
1. Verfasser: Autner, Rudolf
Weitere Verfasser: Ochotnický, Pavol
Format: Buch
Sprache:Slowakisch
Veröffentlicht: Bratislava Slovenská obchodná a priemyselná komora 2009
Schlagworte:
Tags: Tag hinzufügen
Keine Tags, Fügen Sie das erste Tag hinzu!

MARC

LEADER 00000nam$a2200000$$$4500
001 0091147
005 20240502072022.2
020 |a 978-80-89105-38-0 
041 0 |a slo 
044 |a SK 
245 1 0 |a Prognóza vývoja ekonomiky a podnikateľského prostredia SR z pohľadu podnikateľov v roku 2009  |c Rudolf Autner, Pavol Ochotnický 
264 1 |a Bratislava  |b Slovenská obchodná a priemyselná komora  |c 2009 
300 |a 95 s. 
610 2 0 |a vývoj hospodársky 
610 2 0 |a prognózy hospodárske 
610 2 0 |a prostredie podnikateľské 
610 2 0 |a podnikatelia 
610 2 0 |a výkonnosť ekonomiky 
610 2 0 |a dopyt spotrebiteľský 
610 2 0 |a trh práce 
610 2 0 |a politika sociálna 
610 2 0 |a obchod zahraničný 
610 2 0 |a politika menová 
610 2 0 |a trh finančný 
610 2 0 |a politika fiškálna 
610 2 0 |a Slovensko 
610 2 0 |a Európska únia 
100 1 |a Autner, Rudolf 
700 1 |a Ochotnický, Pavol